000 01158nam0a2200325 4500
001 RU\NLR\BIBL_A\022553744
005 20260420045140.0
010 _a978-5-04-206843-0
_97000
021 _aRU
_bКН-П-25-019952
_9КН-П-25-2017
035 _a(NLR Aleph) 022553744
090 _a13673809
_c13673809
100 _a20250529d2025 u y0rusy50 ca
101 1 _arus
_ceng
102 _aRU
105 _aa z 000ay
181 0 _ai3
_baxxe
182 0 _an
200 1 _aПалач и дрозд
_e[романтическая комедия]
_fБринн Уивер
_gперевод с английского Елены Парахневич
203 _aТекст
_bвизуальный
_cнепосредственный
210 _aМосква
_cЭксмо, Inspiria
_d2025
215 _a349, [1] с.
_cил.
_d22
309 _aНа корешке: 1
333 _a18+
686 1 _aШ6(7К)167-440.4{Лх1960-18}
700 1 _7ca
_8rus
_aУивер
_bБ.
_gБринн
_92673381
_3RU\NLR\AUTH\770283220
942 _cBOOK
980 _aNB